00646nam a2200217 a 4500001001000000003000400010005001700014008004100031020001500072040002500087082002900112100002900141245003400170250001200204260003500216300002500251500006300276650002200339650002700361650004000388000037111OSt20240530073921.0091113s2005 dr 000 0 spa d a9945851004 aDO-SdBNPbspacBNPHU aRD863.44bM516n 20052221 aMejía, William,d1950-10aNaufragio /cWilliam Mejía. a2a. ed. aSanto Domingo :bPerla,c2005. a240 [2] p. ;c23 cm. aIncluye datos biográficos del autor en la contracubierta 0aNovela dominicana 0aLiteratura dominicana. 4aProblemas sociales en la literatura